000 00380nam a2200157Ia 4500
008 230312s9999||||xx |||||||||||||| ||und||
020 _a2-940411-74-0
082 _a686.2252
_bLEO-D
100 _aLeonard;Neil
245 0 _aDesign Research
260 _bAVA Books
_aSwitzerland
_c2012
300 _a192
546 _aEng.
650 _aArchitecture
_vDesign Research
942 _cBK
999 _c8272
_d8272